[Event "Winnipeg TNT 2018.03"]
[Site "Winnipeg CAN"]
[Date "2018.03.13"]
[Round "2"]
[White "Magyar, Peter"]
[Black "Piche, Zachary"]
[Result "1-0"]
[WhiteElo "1524"]
[BlackElo "1423"]
[PlyCount "65"]
[EventDate "2018.03.06"]
[EventType "swiss"]
[EventRounds "4"]
[EventCountry "CAN"]

1. d4 Nf6 2. Bf4 e6 3. e3 b6 4. Be2 Bb7 5. Nf3 c5 6. c3 Nc6 7. O-O Be7 8. h3
O-O 9. Nbd2 Rc8 10. Rc1 cxd4 11. cxd4 d5 12. a3 Bd6 13. Ne5 Ne4 14. Ndf3 f6 15.
Nd3 g5 16. Bh2 Kh8 17. Nd2 Nxd2 18. Qxd2 Bxh2+ 19. Kxh2 Qd6+ 20. f4 Rg8 21. b4
gxf4 22. Nxf4 e5 23. dxe5 fxe5 24. Qxd5 Qxd5 25. Nxd5 Nxb4 26. Rxc8 Nxd5 27.
Rxg8+ Kxg8 28. Bc4 Kg7 29. Bxd5 Bxd5 30. Rd1 Bc6 31. Rc1 Bd5 32. Rc7+ Kg6 33.
Rxa7 1-0

[Event "Winnipeg TNT 2018.03"]
[Site "Winnipeg CAN"]
[Date "2018.03.20"]
[Round "3"]
[White "Bince, Rolando"]
[Black "Letain, Cory"]
[Result "1-0"]
[WhiteElo "1985"]
[BlackElo "1714"]
[PlyCount "143"]
[EventDate "2018.03.06"]
[EventType "swiss"]
[EventRounds "4"]
[EventCountry "CAN"]

1. d4 d5 2. c4 c6 3. Nf3 Nf6 4. Bf4 Bf5 5. e3 e6 6. Nc3 Bd6 7. Bg5 Nbd7 8. Be2
O-O 9. O-O Qc7 10. c5 Be7 11. Nh4 Bg6 12. b4 Ng4 13. Bf4 e5 14. Nxg6 hxg6 15.
Bg3 Ngf6 16. dxe5 Nxe5 17. Qd4 Nfd7 18. f4 Nc4 19. Bxc4 Bf6 20. Qd3 dxc4 21.
Qxc4 Kh7 22. Rac1 Rad8 23. Ne4 Rde8 24. Rfe1 Re7 25. Nd6 g5 26. Rcd1 gxf4 27.
exf4 Rxe1+ 28. Rxe1 b5 29. Qd3+ Kg8 30. h3 a5 31. a3 axb4 32. axb4 Ra8 33. Kh2
Nf8 34. f5 Qd7 35. Bf4 Ra4 36. Bd2 Be7 37. Bc3 Ra8 38. Rd1 Ra3 39. Qc2 Qa7 40.
Nc8 Qc7+ 41. Nd6 Qa7 42. Rd2 Bg5 43. Re2 Qc7 44. g3 Be7 45. Be5 Nd7 46. Qb2
Nxe5 47. Qxa3 Bxd6 48. cxd6 Qxd6 49. Qe3 f6 50. Qb3+ Kh7 51. Kg2 Qd4 52. h4 Qc4
53. Qxc4 bxc4 54. Rc2 Kg8 55. Kf2 Kf7 56. Ke3 Ke7 57. Kd4 Kd6 58. Rf2 Nd3 59.
Re2 Ne5 60. Re4 Nf3+ 61. Ke3 Ne5 62. Rd4+ Kc7 63. g4 Kb6 64. g5 Kb5 65. Re4
Kxb4 66. Rxe5 fxe5 67. f6 gxf6 68. gxf6 c3 69. f7 c2 70. Kd2 Kb3 71. f8=Q Kb2
72. Qb4+ 1-0

[Event "Winnipeg TNT 2018.03"]
[Site "Winnipeg CAN"]
[Date "2018.03.20"]
[Round "3"]
[White "Flynn, Darren"]
[Black "Viznytsya, Yevhen"]
[Result "0-1"]
[WhiteElo "1371"]
[BlackElo "1581"]
[PlyCount "66"]
[EventDate "2018.03.06"]
[EventType "swiss"]
[EventRounds "4"]
[EventCountry "CAN"]

1. e4 Nc6 2. f4 e5 3. Bc4 exf4 4. Nf3 Bd6 5. Nc3 b6 6. d4 Bb7 7. e5 Bb4 8. Qd3
Qe7 9. Bxf4 h6 10. O-O-O Bxc3 11. Qxc3 O-O-O 12. a3 f6 13. d5 Nxe5 14. d6 Qf8
15. Nxe5 fxe5 16. dxc7 Qxf4+ 17. Rd2 Re8 18. g3 Qg5 19. h4 Qg6 20. Rf1 Nf6 21.
Rd6 Re7 22. Rfd1 Qe8 23. Bd3 e4 24. Bb5 e3 25. Re1 Ne4 26. Qxe3 Nxd6 27. Bxd7+
Qxd7 28. Qxe7 Qxe7 29. Rxe7 Rg8 30. Kd2 Nf5 31. Rf7 Nxg3 32. Kd3 Bc6 33. Kd4
Bd7 0-1

[Event "Winnipeg TNT 2018.03"]
[Site "Winnipeg CAN"]
[Date "2018.03.20"]
[Round "3"]
[White "Magyar, Peter"]
[Black "Annakkage, Udaya"]
[Result "0-1"]
[WhiteElo "1524"]
[BlackElo "1670"]
[PlyCount "84"]
[EventDate "2018.03.06"]
[EventType "swiss"]
[EventRounds "4"]
[EventCountry "CAN"]

1. d4 Nf6 2. Bf4 e6 3. e3 Be7 4. Be2 O-O 5. c3 d5 6. Nf3 a6 7. h3 Nbd7 8. Nbd2
c5 9. O-O Re8 10. Ne5 Nxe5 11. Bxe5 Bd6 12. Nf3 c4 13. Bh2 Bxh2+ 14. Nxh2 b5
15. f4 Rb8 16. b4 Ne4 17. Qe1 Qf6 18. Ng4 Qf5 19. Bd1 Ra8 20. Bc2 Bb7 21. Rf3
Qh5 22. Ne5 Red8 23. g4 Qh6 24. Bd1 f6 25. g5 fxg5 26. Ng4 Qg6 27. Ne5 Qf5 28.
Ng4 h5 29. Nf2 g4 30. Nxe4 gxf3 31. Ng5 a5 32. Bxf3 axb4 33. Bxh5 Bc8 34. Qh4
Rf8 35. Bg4 Qg6 36. Bh5 Qh6 37. Qg4 bxc3 38. Qf3 b4 39. h4 c2 40. a4 b3 41. Bg4
b2 42. Rf1 c1=Q 0-1

[Event "Winnipeg TNT 2018.03"]
[Site "Winnipeg CAN"]
[Date "2018.03.20"]
[Round "3"]
[White "Myrzaibraimova, Aibike"]
[Black "Leaden, Bruce"]
[Result "1/2-1/2"]
[WhiteElo "1482"]
[BlackElo "1531"]
[PlyCount "45"]
[EventDate "2018.03.06"]
[EventType "swiss"]
[EventRounds "4"]
[EventCountry "CAN"]

1. e4 e6 2. d4 d5 3. e5 c5 4. c3 Nc6 5. Nf3 Nh6 6. Bf4 Nf5 7. Bb5 Bd7 8. Bxc6
Bxc6 9. O-O Be7 10. Na3 cxd4 11. Nxd4 Nxd4 12. cxd4 Bxa3 13. bxa3 O-O 14. h3
Rc8 15. Qd3 Qa5 16. Bd2 Qb5 17. Qxb5 Bxb5 18. Rfc1 Rc4 19. Rxc4 dxc4 20. Rc1
Rc8 21. Rc3 Ba4 22. Kf1 b5 23. Rc1 1/2-1/2

[Event "Winnipeg TNT 2018.03"]
[Site "Winnipeg CAN"]
[Date "2018.03.20"]
[Round "3"]
[White "Piche, Zachary"]
[Black "Gregoryanz, Philipp"]
[Result "1-0"]
[WhiteElo "1423"]
[BlackElo "1383"]
[PlyCount "62"]
[EventDate "2018.03.06"]
[EventType "swiss"]
[EventRounds "4"]
[EventCountry "CAN"]

1. Nf3 d5 2. c4 e6 3. g3 Nf6 4. Bg2 Bc5 5. d4 Bb4+ 6. Nc3 Ne4 7. Qb3 Bxc3+ 8.
bxc3 O-O 9. O-O Nc6 10. cxd5 exd5 11. c4 dxc4 12. Qxc4 Be6 13. Qd3 Nf6 14. Ba3
Re8 15. e4 Nxe4 16. Qxe4 Bc4 17. Qg4 Bxf1 18. Rxf1 Qf6 19. d5 Ne5 20. Nxe5 Qxe5
21. Rb1 Qc3 22. Bb2 h5 23. Qg5 f6 24. Qxh5 Qc2 25. Qd1 Qf5 26. Ba3 Re2 27. Qxe2
Qxb1+ 28. Bf1 Rd8 29. Kg2 Rxd5 30. Qe6+ Kh8 31. Qxd5 c6 1-0

[Event "Winnipeg TNT 2018.03"]
[Site "Winnipeg CAN"]
[Date "2018.03.20"]
[Round "3"]
[White "Prince, Colin"]
[Black "Konara, Harshani"]
[Result "1/2-1/2"]
[WhiteElo "1861"]
[BlackElo "1899"]
[PlyCount "78"]
[EventDate "2018.03.06"]
[EventType "swiss"]
[EventRounds "4"]
[EventCountry "CAN"]

1. e4 c5 2. Nf3 d6 3. d4 cxd4 4. Nxd4 Nf6 5. Nc3 a6 6. Be2 g6 7. Be3 Bg7 8. O-O
Nbd7 9. Qd2 O-O 10. Bh6 Nc5 11. f3 Qb6 12. Bxg7 Kxg7 13. Kh1 e6 14. a3 Qc7 15.
Rad1 Rd8 16. Qg5 b5 17. Rd2 Bb7 18. Rfd1 h6 19. Qg3 Nh5 20. Qh4 d5 21. g3 Nf6
22. exd5 Nxd5 23. Nxd5 Bxd5 24. b4 Na4 25. Rd3 g5 26. Qg4 f5 27. Nxf5+ exf5 28.
Qxf5 Bc6 29. Rxd8 Rxd8 30. Bd3 Bxf3+ 31. Qxf3 Nb2 32. Qe4 Nxd3 33. Rxd3 Rxd3
34. Qxd3 Qc6+ 35. Kg1 Qb6+ 36. Kg2 Qc6+ 37. Kf2 Qf6+ 38. Ke3 Qe5+ 39. Kd2 Qe6
1/2-1/2

[Event "Winnipeg TNT 2018.03"]
[Site "Winnipeg CAN"]
[Date "2018.03.20"]
[Round "3"]
[White "Remillard, John"]
[Black "Gannon, Keith"]
[Result "1-0"]
[WhiteElo "1633"]
[BlackElo "1520"]
[PlyCount "99"]
[EventDate "2018.03.06"]
[EventType "swiss"]
[EventRounds "4"]
[EventCountry "CAN"]

1. b4 e5 2. Bb2 d6 3. d4 exd4 4. Bxd4 c5 5. Bc3 b6 6. Qd5 Qc7 7. Qxa8 Bb7 8.
Qxa7 cxb4 9. Qa4+ Bc6 10. Qxb4 d5 11. Qb2 f6 12. e3 Bd6 13. Nf3 Ne7 14. Nd4 Bd7
15. Na3 O-O 16. Nab5 Bxb5 17. Bxb5 Rc8 18. Bb4 Be5 19. c3 Nbc6 20. Nxc6 Nxc6
21. Bxc6 Qxc6 22. Rc1 Qc4 23. Qe2 Qxb4 24. cxb4 Rxc1+ 25. Qd1 Bc3+ 26. Ke2 Rxd1
27. Kxd1 Bxb4 28. Kc2 Kf7 29. Kb3 Bc5 30. Rd1 Ke6 31. Ka4 f5 32. Rd2 g5 33. Kb5
Kd6 34. a4 h5 35. Rc2 f4 36. a5 fxe3 37. fxe3 Bxe3 38. a6 d4 39. a7 d3 40. Rc6+
Kd5 41. a8=Q d2 42. Rc4+ Kd6 43. Qd8+ Ke5 44. Qd3 h4 45. Qe4+ Kf6 46. Rc6+ Kf7
47. Qe6+ Kf8 48. Rc8+ Kg7 49. Rc7+ Kf8 50. Qc8# 1-0

[Event "Winnipeg TNT 2018.03"]
[Site "Winnipeg CAN"]
[Date "2018.03.20"]
[Round "3"]
[White "Rutter, Blair"]
[Black "Klokow, John"]
[Result "1-0"]
[WhiteElo "1975"]
[BlackElo "1768"]
[PlyCount "82"]
[EventDate "2018.03.06"]
[EventType "swiss"]
[EventRounds "4"]
[EventCountry "CAN"]

1. c4 e5 2. g3 Nf6 3. Bg2 Nc6 4. Nc3 Bc5 5. e3 O-O 6. Nge2 a5 7. O-O d6 8. h3
Bb6 9. Kh2 Ne7 10. Qc2 c6 11. d4 Qc7 12. Bd2 Bf5 13. Qb3 Rfd8 14. Rac1 Ba7 15.
d5 h6 16. e4 Bg6 17. f4 Bd4 18. f5 Bxc3 19. Rxc3 Bh7 20. g4 Nc8 21. Qd1 Qe7 22.
Rg1 g5 23. Bf3 Qf8 24. Qe1 Nd7 25. Rh1 f6 26. Kg2 cxd5 27. cxd5 Ra6 28. h4 Rb6
29. Qc1 Rb5 30. Ng3 Rc5 31. hxg5 Rxc3 32. Qxc3 hxg5 33. Qxa5 Ncb6 34. Qb5 Rc8
35. Bc3 Rc5 36. Qb3 Qa8 37. Bd1 Nc4 38. Bb4 Rc8 39. Be2 Qa6 40. a3 Nc5 41. Bxc5
Rxc5 1-0

[Event "Winnipeg TNT 2018.03"]
[Site "Winnipeg CAN"]
[Date "2018.03.20"]
[Round "3"]
[White "Trueman, Francis"]
[Black "Furda, Ievgeniia-Diana"]
[Result "1/2-1/2"]
[WhiteElo "1452"]
[BlackElo "1524"]
[PlyCount "41"]
[EventDate "2018.03.06"]
[EventType "swiss"]
[EventRounds "4"]
[EventCountry "CAN"]

1. e4 e5 2. Nf3 Nc6 3. d3 Nf6 4. Nbd2 Bc5 5. h3 O-O 6. Nb3 b6 7. Qe2 h6 8. Be3
d5 9. Bxc5 bxc5 10. Nbd2 Kh8 11. Qd1 Nh7 12. Be2 f5 13. exd5 Qxd5 14. c4 Qd8
15. O-O Qf6 16. Nh2 Nd4 17. Re1 Bd7 18. Bf1 Rac8 19. Nb3 Nc6 20. Nd2 Nd4 21.
Nhf3 1/2-1/2

[Event "Winnipeg TNT 2018.03"]
[Site "Winnipeg CAN"]
[Date "2018.03.27"]
[Round "4"]
[White "Furda, Ievgeniia-Diana"]
[Black "Flynn, Darren"]
[Result "1-0"]
[WhiteElo "1524"]
[BlackElo "1371"]
[PlyCount "35"]
[EventDate "2018.03.06"]
[EventType "swiss"]
[EventRounds "4"]
[EventCountry "CAN"]

1. e4 e5 2. Nf3 Nc6 3. d4 exd4 4. Nxd4 Bc5 5. Be3 Nge7 6. Nxc6 dxc6 7. Qxd8+
Kxd8 8. Bxc5 f5 9. Nc3 b6 10. O-O-O+ Bd7 11. Be3 Kc8 12. Ba6+ Kd8 13. Bg5 b5
14. Bb7 Rb8 15. Bxc6 Rb6 16. Bxd7 Rd6 17. e5 Rxd7 18. Rxd7+ 1-0

[Event "Winnipeg TNT 2018.03"]
[Site "Winnipeg CAN"]
[Date "2018.03.27"]
[Round "4"]
[White "Gannon, Keith"]
[Black "Magyar, Peter"]
[Result "1-0"]
[WhiteElo "1520"]
[BlackElo "1524"]
[PlyCount "117"]
[EventDate "2018.03.06"]
[EventType "swiss"]
[EventRounds "4"]
[EventCountry "CAN"]

1. d4 d6 2. e4 Nf6 3. Nc3 e6 4. Nf3 Be7 5. Be2 Nbd7 6. O-O O-O 7. Re1 a6 8. a3
b6 9. b4 c5 10. dxc5 bxc5 11. bxc5 Nxc5 12. Bd3 e5 13. Be3 Qc7 14. Nd5 Nxd5 15.
exd5 Bb7 16. Bxc5 Qxc5 17. c4 h6 18. Rb1 Rab8 19. Rb3 Bd8 20. Qb1 Qc7 21. Re2
Re8 22. Reb2 Re7 23. Nd2 g6 24. Ne4 f5 25. Nc3 e4 26. Bf1 Rd7 27. Na4 Bf6 28.
Nc3 Bd4 29. Rc2 e3 30. fxe3 Bxe3+ 31. Kh1 Ba7 32. Na4 Re7 33. Re2 Rxe2 34. Bxe2
Bc8 35. Rxb8 Bxb8 36. h3 Ba7 37. Bd3 Qa5 38. Bc2 Bd7 39. Qb4 Qd8 40. Qxd6 Qe8
41. Qb4 Bb8 42. d6 a5 43. Qxa5 Bxd6 44. Qd5+ Kh8 45. Qxd6 Bxa4 46. Bxa4 Qxa4
47. Qxg6 Qxc4 48. Qxh6+ Kg8 49. Qg6+ Kh8 50. Qxf5 Qc1+ 51. Kh2 Qxa3 52. Qe5+
Kh7 53. Qg3 Qb2 54. h4 Qd2 55. h5 Qc2 56. Qf4 Kg7 57. Kh3 Qc8+ 58. Qg4+ Qxg4+
59. Kxg4 1-0

[Event "Winnipeg TNT 2018.03"]
[Site "Winnipeg CAN"]
[Date "2018.03.27"]
[Round "4"]
[White "Gregoryanz, Philipp"]
[Black "Mandusic, Ante"]
[Result "1-0"]
[WhiteElo "1383"]
[BlackElo "1195"]
[PlyCount "31"]
[EventDate "2018.03.06"]
[EventType "swiss"]
[EventRounds "4"]
[EventCountry "CAN"]

1. e4 e5 2. Nf3 Nc6 3. d4 Bd6 4. Bc4 Nf6 5. Nc3 O-O 6. Ng5 Nxd4 7. Be3 Nc6 8.
Nd5 b6 9. Nxf6+ Qxf6 10. Qh5 h6 11. h4 Qg6 12. Qxg6 hxg5 13. hxg5 Bb4+ 14. c3
Bxc3+ 15. bxc3 Ne7 16. Qh7# 1-0

[Event "Winnipeg TNT 2018.03"]
[Site "Winnipeg CAN"]
[Date "2018.03.27"]
[Round "4"]
[White "Konara, Harshani"]
[Black "Bince, Rolando"]
[Result "1-0"]
[WhiteElo "1899"]
[BlackElo "1985"]
[PlyCount "120"]
[EventDate "2018.03.06"]
[EventType "swiss"]
[EventRounds "4"]
[EventCountry "CAN"]

1. c4 g6 2. g3 Bg7 3. Bg2 c6 4. Nc3 Nf6 5. d3 O-O 6. Nf3 Re8 7. O-O e5 8. Qc2
Na6 9. a3 Nc7 10. Bd2 d6 11. Rab1 Ne6 12. e3 Nc5 13. Ne1 Be6 14. b4 Ncd7 15.
Nf3 h6 16. Rfc1 Rc8 17. Be1 d5 18. c5 b5 19. Rd1 Qc7 20. Bd2 Bg4 21. h3 Be6 22.
Re1 Nh7 23. e4 d4 24. Ne2 f6 25. Nh4 Ndf8 26. f4 Bf7 27. Qc1 h5 28. Rf1 Qe7 29.
Kh2 Rc7 30. Nf3 Ne6 31. Nh4 Rd7 32. f5 Nef8 33. fxg6 Bxg6 34. Nf5 Qd8 35. Ng1
Ne6 36. Qd1 Rf8 37. Bf3 Qe8 38. Nd6 Rxd6 39. cxd6 Nhg5 40. Be2 Kh8 41. Rc1 Nd8
42. Nf3 Bh6 43. h4 Ngf7 44. Bxh6 Nxh6 45. Qd2 Kg7 46. Ne1 Qe6 47. Nc2 Ng4+ 48.
Bxg4 Qxg4 49. Qf2 Qe6 50. Na1 Rf7 51. Qc2 Qd7 52. Nb3 Qxd6 53. Nc5 Re7 54. Rf2
Ne6 55. Rcf1 Nxc5 56. Qxc5 Qxc5 57. bxc5 Rf7 58. Ra2 Kf8 59. a4 b4 60. Rb1 a5
1-0

[Event "Winnipeg TNT 2018.03"]
[Site "Winnipeg CAN"]
[Date "2018.03.27"]
[Round "4"]
[White "Piche, Zachary"]
[Black "Trueman, Francis"]
[Result "1-0"]
[WhiteElo "1423"]
[BlackElo "1452"]
[PlyCount "40"]
[EventDate "2018.03.06"]
[EventType "swiss"]
[EventRounds "4"]
[EventCountry "CAN"]

1. Nf3 d6 2. c4 Nd7 3. g3 e5 4. Nc3 Ngf6 5. d3 g6 6. Bg2 Bg7 7. O-O O-O 8. Bd2
Re8 9. Qc2 c6 10. b4 Nf8 11. b5 h5 12. Rab1 Qc7 13. a4 Ne6 14. a5 Nd7 15. a6
Nd8 16. axb7 Bxb7 17. bxc6 Bxc6 18. Nb5 Bxb5 19. Rxb5 a6 20. Ba5 Qc8 1-0

[Event "Winnipeg TNT 2018.03"]
[Site "Winnipeg CAN"]
[Date "2018.03.27"]
[Round "4"]
[White "Prince, Colin"]
[Black "Gerona, Joshua"]
[Result "1/2-1/2"]
[WhiteElo "1861"]
[BlackElo "1937"]
[PlyCount "115"]
[EventDate "2018.03.06"]
[EventType "swiss"]
[EventRounds "4"]
[EventCountry "CAN"]

1. c4 Nf6 2. Nf3 e6 3. d4 d5 4. Nc3 Be7 5. Bf4 c6 6. e3 b6 7. Bd3 Bb7 8. O-O
Nbd7 9. Re1 O-O 10. e4 dxe4 11. Nxe4 Nxe4 12. Bxe4 Nf6 13. Bc2 c5 14. Be5 Bxf3
15. Qxf3 cxd4 16. Rad1 Bc5 17. b4 Bxb4 18. Rxd4 Qe7 19. Red1 h5 20. Rh4 Rad8
21. Rb1 Bc5 22. h3 Rd2 23. Bxf6 Qxf6 24. Rxh5 Qxf3 25. Bh7+ Kh8 26. gxf3 Bxf2+
27. Kf1 g6 28. Bxg6+ Kg7 29. Bd3 Rxa2 30. Rg5+ Kf6 31. Rg2 Rd2 32. Rxf2 Rxd3
33. Ra1 Rc3 34. Rxa7 Rxc4 35. Rb7 Rb4 36. Rd2 Rh8 37. Kg2 b5 38. Rdd7 Rg8+ 39.
Kf2 Rg7 40. Rd6 Rb2+ 41. Ke3 Rh7 42. Rdb6 Rh5 43. h4 Rb4 44. Kf2 Rb1 45. Rxb5
Rbxb5 46. Rxb5 Rxh4 47. Kg3 Ra4 48. f4 Rd4 49. Kg4 Rd5 50. Rb1 Rd4 51. Rb5 Kg6
52. Rg5+ Kf6 53. Rb5 Ke7 54. Rb7+ Rd7 55. Rb5 f5+ 56. Kg5 Rd2 57. Rb7+ Kd6 58.
Kf6 1/2-1/2

[Event "Winnipeg TNT 2018.03"]
[Site "Winnipeg CAN"]
[Date "2018.03.27"]
[Round "4"]
[White "Viznytsya, Yevhen"]
[Black "Letain, Cory"]
[Result "0-1"]
[WhiteElo "1581"]
[BlackElo "1714"]
[PlyCount "50"]
[EventDate "2018.03.06"]
[EventType "swiss"]
[EventRounds "4"]
[EventCountry "CAN"]

1. d4 Nf6 2. Nf3 g6 3. e3 Bg7 4. c4 O-O 5. Nc3 d6 6. Bd3 Nbd7 7. e4 e5 8. d5 a5
9. Be3 Ng4 10. Bd2 Nc5 11. Bc2 f5 12. h3 Nh6 13. Qe2 fxe4 14. Nxe4 Nxe4 15.
Bxe4 Bf5 16. Bc3 Bxe4 17. Qxe4 Rf4 18. Qe2 e4 19. Bxg7 exf3 20. gxf3 Kxg7 21.
O-O-O Qf6 22. Rde1 Rf8 23. Qe7+ Qxe7 24. Rxe7+ R8f7 25. Rxf7+ Kxf7 0-1

[Event "Winnipeg TNT 2018.04"]
[Site "Winnipeg CAN"]
[Date "2018.04.03"]
[Round "1"]
[White "Babb, Jeff"]
[Black "Leaden, Bruce"]
[Result "1-0"]
[WhiteElo "2212"]
[BlackElo "1548"]
[PlyCount "75"]
[EventDate "2018.04.03"]
[EventType "swiss"]
[EventRounds "4"]
[EventCountry "CAN"]

1. f4 d5 2. e3 Nf6 3. Nf3 g6 4. b4 Bg7 5. Bb2 O-O 6. Be2 Nbd7 7. O-O Re8 8. Na3
c6 9. c4 e6 10. c5 b6 11. Nd4 Bb7 12. Rc1 bxc5 13. bxc5 Qe7 14. Nb3 a5 15. Be5
Nxe5 16. fxe5 Nd7 17. d4 f6 18. exf6 Nxf6 19. Qe1 Qc7 20. Qh4 Rf8 21. Nd2 Ba6
22. Bxa6 Rxa6 23. Nf3 Ne4 24. Ng5 Nxg5 25. Rxf8+ Bxf8 26. Qxg5 Ra8 27. Qf6 Re8
28. Rb1 Bg7 29. Qg5 e5 30. Nc2 exd4 31. Nxd4 Bxd4 32. exd4 Re4 33. Qf6 Re7 34.
Rf1 Rf7 35. Qe6 Kf8 36. Rxf7+ Qxf7 37. Qxc6 Qe7 38. Kf1 1-0

[Event "Winnipeg TNT 2018.04"]
[Site "Winnipeg CAN"]
[Date "2018.04.03"]
[Round "1"]
[White "Bince, Rolando"]
[Black "Marshall, Carter"]
[Result "1-0"]
[WhiteElo "1964"]
[BlackElo "1488"]
[PlyCount "37"]
[EventDate "2018.04.03"]
[EventType "swiss"]
[EventRounds "4"]
[EventCountry "CAN"]

1. Nf3 c5 2. Nc3 Nf6 3. e4 d6 4. d4 cxd4 5. Nxd4 g6 6. Bb5+ Bd7 7. e5 dxe5 8.
Nf3 Qb6 9. Be3 Qa5 10. Bxd7+ Nbxd7 11. O-O Bg7 12. Qe2 O-O 13. Rfd1 Rfd8 14. a3
Rac8 15. h3 e4 16. Ng5 h6 17. Ngxe4 Nxe4 18. Nxe4 Bxb2 19. Rab1 1-0

[Event "Winnipeg TNT 2018.04"]
[Site "Winnipeg CAN"]
[Date "2018.04.03"]
[Round "1"]
[White "Gannon, Keith"]
[Black "Boron, Anthony"]
[Result "0-1"]
[WhiteElo "1530"]
[BlackElo "2017"]
[PlyCount "126"]
[EventDate "2018.04.03"]
[EventType "swiss"]
[EventRounds "4"]
[EventCountry "CAN"]

1. Nf3 d5 2. d4 Nf6 3. Nc3 g6 4. g3 Bg7 5. Bg2 O-O 6. O-O Re8 7. Re1 c6 8. e4
dxe4 9. Nxe4 Nxe4 10. Rxe4 Bf5 11. Re1 Nd7 12. c3 Nf6 13. Ne5 Nd7 14. Nxd7 Qxd7
15. Be3 a5 16. Qd2 a4 17. a3 Be6 18. Rac1 Bc4 19. Bf1 Bxf1 20. Rxf1 Ra5 21. f4
Rb5 22. Rc2 Rd8 23. Qf2 Qf5 24. Rfc1 Rb3 25. Qf3 Qb5 26. Qe2 Qd5 27. Qg2 Qe6
28. Qe2 Qe4 29. Qf2 Rd5 30. Re1 Qf5 31. Rce2 Qd3 32. Rd2 Qf5 33. Qf3 Rd7 34. g4
Qb5 35. Qf2 h5 36. g5 Qf5 37. Qg3 Qb5 38. Qf2 e6 39. h4 Qf5 40. Qg3 Bf8 41. Kh2
Qb5 42. Ree2 Rd5 43. Qg2 Rf5 44. Kh3 Bd6 45. Rf2 Qc4 46. Qg1 Qd5 47. Qf1 Qe4
48. Rf3 Rfb5 49. Qe2 Rxb2 50. Kg3 Rxd2 51. Qxd2 Bxa3 52. Qa2 Rb3 53. Bd2 Qf5
54. Kf2 Qg4 55. Qc2 Qxh4+ 56. Rg3 Bd6 57. Qe4 Rb2 58. Qe3 Bxf4 59. Qf3 Rxd2+
60. Ke1 Ra2 61. d5 Qxg3+ 62. Qxg3 Bxg3+ 63. Kd1 cxd5 0-1

[Event "Winnipeg TNT 2018.04"]
[Site "Winnipeg CAN"]
[Date "2018.04.03"]
[Round "1"]
[White "Magyar, Peter"]
[Black "Rutter, Blair"]
[Result "0-1"]
[WhiteElo "1508"]
[BlackElo "1984"]
[PlyCount "104"]
[EventDate "2018.04.03"]
[EventType "swiss"]
[EventRounds "4"]
[EventCountry "CAN"]

1. d4 e6 2. Bf4 Nf6 3. e3 d6 4. Nd2 Be7 5. Be2 O-O 6. h3 c5 7. c3 Nc6 8. Ngf3
Bd7 9. O-O Rc8 10. Rc1 a6 11. a3 b5 12. Bd3 Qb6 13. Qc2 a5 14. Qb1 g6 15. c4 b4
16. axb4 cxb4 17. b3 Ne8 18. Qb2 f6 19. Ra1 e5 20. c5 dxc5 21. Nc4 Qd8 22. dxe5
Be6 23. Rfd1 Qc7 24. Ra2 Qa7 25. Rda1 Bd8 26. Nfd2 f5 27. Nd6 Nxd6 28. exd6 Bf6
29. Qc2 Bxa1 30. Rxa1 Qg7 31. Rc1 Ne5 32. Bb5 Rfd8 33. Bxe5 Qxe5 34. Nf3 Qxd6
35. Ng5 Bd5 36. Bd3 h6 37. Bxf5 gxf5 38. Qxf5 hxg5 39. Qxg5+ Kf7 40. Re1 Rg8
41. Qh5+ Ke7 42. e4 Bxb3 43. e5 Qe6 44. Re4 Rcf8 45. Qh4+ Kd7 46. f4 Bd5 47.
Re2 Rg7 48. Qe1 Qxh3 49. Qd2 Rxg2+ 50. Rxg2 Qxg2+ 51. Qxg2 Bxg2 52. Kxg2 Rxf4
0-1

[Event "Winnipeg TNT 2018.04"]
[Site "Winnipeg CAN"]
[Date "2018.04.03"]
[Round "1"]
[White "Piche, Zachary"]
[Black "Gerona, Joshua"]
[Result "0-1"]
[WhiteElo "1437"]
[BlackElo "1921"]
[PlyCount "74"]
[EventDate "2018.04.03"]
[EventType "swiss"]
[EventRounds "4"]
[EventCountry "CAN"]

1. Nf3 d5 2. c4 e6 3. g3 Nf6 4. Bg2 Be7 5. O-O O-O 6. d4 c6 7. Bf4 Nbd7 8. Nc3
b6 9. cxd5 exd5 10. Rc1 Bb7 11. Ne5 Re8 12. e4 dxe4 13. Nxe4 Nxe5 14. Nxf6+
Bxf6 15. dxe5 Bxe5 16. Bxe5 Rxe5 17. Bxc6 Bxc6 18. Rxc6 Rd5 19. Qc2 Rd2 20. Qc3
g6 21. Rc1 Rd1+ 22. Rxd1 Qxd1+ 23. Kg2 Qd5+ 24. Kg1 Qxa2 25. Rc8+ Rxc8 26.
Qxc8+ Kg7 27. Qc3+ f6 28. Qc7+ Qf7 29. Qxf7+ Kxf7 30. f4 a5 31. Kf2 Ke6 32. Ke3
Kd5 33. Kd3 b5 34. h3 a4 35. g4 b4 36. f5 g5 37. Ke3 a3 0-1

[Event "Winnipeg TNT 2018.04"]
[Site "Winnipeg CAN"]
[Date "2018.04.03"]
[Round "1"]
[White "Remillard, John"]
[Black "Baron, Gustav"]
[Result "0-1"]
[WhiteElo "1631"]
[BlackElo "2216"]
[PlyCount "88"]
[EventDate "2018.04.03"]
[EventType "swiss"]
[EventRounds "4"]
[EventCountry "CAN"]

1. Nf3 f5 2. d4 Nf6 3. c4 e6 4. a3 c6 5. Nc3 d5 6. e3 Bd6 7. c5 Bc7 8. b4 a6 9.
Be2 Nbd7 10. O-O O-O 11. Ne1 e5 12. dxe5 Nxe5 13. f4 Nf7 14. Nf3 Qe7 15. Nd4
Bd7 16. Qc2 g6 17. Bd2 Rae8 18. Rae1 Nh6 19. Rf3 Ne4 20. Rh3 Ng4 21. Nxe4 fxe4
22. Rg3 Nh6 23. Rf1 Qh4 24. Be1 Qe7 25. Qd1 Bf5 26. h4 Kf7 27. h5 Bd8 28. hxg6+
hxg6 29. Nxf5 Nxf5 30. Rh3 Rh8 31. Bf2 Ke6 32. Bg4 Qf6 33. Bxf5+ gxf5 34. Qa1
a5 35. bxa5 Bxa5 36. Qxf6+ Kxf6 37. Rxh8 Rxh8 38. Be1 Ra8 39. Bb4 Bxb4 40. axb4
Ra3 41. Rb1 Rxe3 42. b5 Rc3 43. bxc6 bxc6 44. Rb8 Rxc5 0-1

[Event "Winnipeg TNT 2018.04"]
[Site "Winnipeg CAN"]
[Date "2018.04.03"]
[Round "1"]
[White "Wirtzfeld, Ryan"]
[Black "Letain, Cory"]
[Result "0-1"]
[WhiteElo "1318"]
[BlackElo "1732"]
[PlyCount "164"]
[EventDate "2018.04.03"]
[EventType "swiss"]
[EventRounds "4"]
[EventCountry "CAN"]

1. c4 c5 2. g3 g6 3. Bg2 Bg7 4. Nc3 Nc6 5. e4 e5 6. d3 d6 7. Nge2 Nge7 8. Be3
O-O 9. O-O f5 10. Bg5 h6 11. Bxe7 Nxe7 12. a3 Rb8 13. b4 b6 14. Qb3 f4 15. Bf3
fxg3 16. fxg3 Bh3 17. Bg2 Be6 18. Rxf8+ Bxf8 19. Nd5 Nxd5 20. cxd5 Bg4 21. Nc3
a6 22. Rb1 cxb4 23. axb4 Qg5 24. Nd1 Bxd1 25. Rxd1 Qe3+ 26. Kh1 Rc8 27. Qa4 Rc1
28. Qb3 Be7 29. Qa4 b5 30. Qb3 Qd2 31. Bf3 Bg5 32. Rxc1 Qxc1+ 33. Qd1 Qxd1+ 34.
Bxd1 Bd2 35. Bg4 Bxb4 36. Bc8 a5 37. Bd7 a4 38. Bxb5 a3 39. Bc4 Kf7 40. Kg2 Ke7
41. Kf2 Kd7 42. Ke2 Kc7 43. Kd1 Bc3 44. Kc2 Bb2 45. Kd2 Kb6 46. Kc2 Kc5 47. Kb3
Kd4 48. Kb4 Ke3 49. Kb5 Bd4 50. Kc6 Bc5 51. Kd7 Kf3 52. Ke6 Kg2 53. Kf6 Kxh2
54. Kxg6 Kxg3 55. Kxh6 Kf3 56. Kg6 Ke3 57. Kf6 Kd2 58. Kf5 Kc3 59. Kg4 Kb2 60.
Kf3 a2 61. Bxa2 Kxa2 62. Ke2 Kb2 63. Kd2 Kb3 64. Kd1 Kc3 65. Ke2 Kc2 66. Kf3
Kxd3 67. Kg4 Kxe4 68. Kg3 Kxd5 69. Kg2 Ke4 70. Kf1 Kf3 71. Ke1 e4 72. Kf1 e3
73. Ke1 e2 74. Kd2 Bb4+ 75. Kd3 e1=Q 76. Kd4 Qc3+ 77. Kd5 Qc5+ 78. Ke6 Ke4 79.
Kd7 Ke5 80. Ke7 Qc7+ 81. Ke8 Ke6 82. Kf8 Qf7# 0-1

[Event "Winnipeg TNT 2018.04"]
[Site "Winnipeg CAN"]
[Date "2018.04.03"]
[Round "1"]
[White "Wolchock, Theo"]
[Black "Marshall, Ken"]
[Result "1-0"]
[WhiteElo "2004"]
[BlackElo "1520"]
[PlyCount "43"]
[EventDate "2018.04.03"]
[EventType "swiss"]
[EventRounds "4"]
[EventCountry "CAN"]

1. d4 d5 2. Nf3 Nf6 3. e3 Bf5 4. Bd3 Bxd3 5. cxd3 e6 6. O-O Nbd7 7. Nc3 c6 8.
e4 Bb4 9. Qe2 h6 10. a3 Be7 11. e5 Nh7 12. Ne1 Bg5 13. f4 Bh4 14. g3 Be7 15.
Qg4 g5 16. f5 f6 17. fxe6 Ndf8 18. Qh5+ Ng6 19. Qxg6+ Kf8 20. Qxh6+ Kg8 21.
Qg6+ Kf8 22. Qf7# 1-0